000 00354nam a2200145Ia 4500
008 090124s9999 xx 000 0 und d
082 _b305520
245 _a देवराई
250 _a1
260 _bदेसाई माधवी
_c2006
300 _a168
630 _a देवराई
730 _a देवराई
942 _cBOOK
999 _c195514
_d195514